The gate at the end of the world

Bibliographic Details
Main Author: Glazebrook, Philip
Format: Book
Published: London : Collins Harvill , 1989
Subjects:

MARC

LEADER 00000cam a2200000 7i4500
001 0000002028
002 000002214
005 20000330.0
020 |a 0002717093 
090 0 0 |a F   |b GLA 
100 1 |a Glazebrook, Philip 
245 1 4 |a The gate at the end of the world   |c Philip Glazebrook 
260 |a London :   |b Collins Harvill ,   |c 1989 
300 |a 269p. ;   |c 24cm. 
650 0 0 |a Historical fiction 
999 |a 035334   |b BUKU   |c PINJAMAN   |e PERPUSTAKAAN KOMUNITI PETALING JAYA